Subjekty finančného trhu
Finančný trh, členenie finančného trhu. Právny rámec pre obchodovanie na finančných trhoch. Dohliadané subjekty - NBS, Burza cenných papierov, Centrálny depozitár, banka, poisťovňa a zaisťovňa.
Uložené v:
| Hlavný autor: | |
|---|---|
| Médium: | Kapitola |
| Jazyk: | Slovak |
| Predmet: | |
| Tagy: |
Žiadne tagy, Buďte prvý, kto otaguje tento záznam!
|
MARC
| LEADER | 00000naa$a2200000$$$4500 | ||
|---|---|---|---|
| 001 | 0102713 | ||
| 005 | 20231120083759.8 | ||
| 041 | 0 | |a slo | |
| 044 | |a SK | ||
| 245 | 1 | 0 | |a Subjekty finančného trhu |c Soňa Kubincová |
| 520 | |a Finančný trh, členenie finančného trhu. Právny rámec pre obchodovanie na finančných trhoch. Dohliadané subjekty - NBS, Burza cenných papierov, Centrálny depozitár, banka, poisťovňa a zaisťovňa. | ||
| 610 | 2 | 0 | |a trh finančný |
| 610 | 2 | 0 | |a trh kapitálový |
| 610 | 2 | 0 | |a trh peňažný |
| 610 | 2 | 0 | |a dohľad bankový |
| 610 | 2 | 0 | |a burzy cenných papierov |
| 100 | 1 | |a Kubincová, Soňa | |